书目信息 |
| 题名: |
萧吹奏法
|
|
| 作者: | 张维良 著 | |
| 分册: | ||
| 出版信息: | 北京 人民音乐出版社 1995.01 |
|
| 页数: | 96页 | |
| 开本: | 20cm | |
| 丛书名: | ||
| 单 册: | ||
| 中图分类: | J632.13 | |
| 科图分类: | ||
| 主题词: | 民族器乐--理论 , 民族乐器--奏法 | |
| 电子资源: | ||
| ISBN: | 978-7-103-01213-0 | |
| 000 | 00614nam0 2200229 45 | |
| 001 | 0962058797 | |
| 005 | 20091017171535.42 | |
| 010 | @a978-7-103-01213-0@dCNY12.00 | |
| 100 | @a20090515d1995 ekmy0 y0120 ea | |
| 102 | @aCN@b130000 | |
| 102 | @aCN@b110000 | |
| 105 | @ay z 000yy | |
| 200 | 1 | @a萧吹奏法@f张维良 著@Fzhang wei liang zhu |
| 210 | @a北京@c人民音乐出版社@d1995.01 | |
| 215 | @a96页@d20cm | |
| 606 | 0 | @a民族器乐@x理论 |
| 606 | 0 | @a民族乐器@x奏法 |
| 690 | @aJ632.13@v4 | |
| 701 | 0 | @a张维良@Azhang wei liang@4著 |
| 801 | 0 | @aCN@c20091017 |
| 905 | @a10447@dJ632.13@eZ190 | |
| 906 | @d12@n2@r1 | |
| 萧吹奏法/张维良 著.-北京:人民音乐出版社,1995.01 |
| 96页;20cm |
| ISBN 978-7-103-01213-0:CNY12.00 |
| ● |
| 相关链接 |
|
|
|
正题名:萧吹奏法
索取号:J632.13/Z190
 
预约/预借
| 序号 | 登录号 | 条形码 | 馆藏地/架位号 | 状态 | 备注 |
| 1 | 894394 | 208943946 | 社科库309/309社科库 93排2列3层/ [索取号:J632.13/Z190] | 在馆 | |
| 2 | 894395 | 208943955 | 社科库309/309社科库 93排2列3层/ [索取号:J632.13/Z190] | 在馆 |